书目信息 |
| 题名: |
有粘结及无粘结高效预应力工程简明施工技术
|
|
| 作者: | 陈慧玲 主编 | |
| 分册: | ||
| 出版信息: | 北京 中国环境科学出版社 1999.03 |
|
| 页数: | 426页 | |
| 开本: | 16开 | |
| 丛书名: | ||
| 单 册: | ||
| 中图分类: | TU875.71 | |
| 科图分类: | ||
| 主题词: | 房屋建筑设备:隔声设备 | |
| 电子资源: | ||
| ISBN: | 7-80135-666-7 | |
| 000 | 00657nam0 2200193 45 | |
| 001 | 0011251771 | |
| 005 | 20001125171328.4 | |
| 010 | @a7-80135-666-7@d32.00元 | |
| 100 | @a20001125d1999 km y0chiy0120 ea | |
| 101 | 0 | @achi |
| 105 | @a z 000yy | |
| 200 | 1 | @a有粘结及无粘结高效预应力工程简明施工技术@AYou Nian Jie Ji Wu Nian Jie Gao Xiao Yu Ying Li GongCheng Jian Ming Shi Gong Ji Shu@f陈慧玲主编@FChen Hui Ling Zhu Bian |
| 210 | @a北京@c中国环境科学出版社@d1999.03 | |
| 215 | @a426页@d16开 | |
| 606 | 0 | @a房屋建筑设备:隔声设备 |
| 690 | @aTU875.71@v3 | |
| 701 | 0 | @a陈慧玲@4主编 |
| 801 | @aCN@bPftUser@c20001125 | |
| 905 | @b505058-062@dTU875.71@eCH450@f5 | |
| 有粘结及无粘结高效预应力工程简明施工技术/陈慧玲主编.-北京:中国环境科学出版社,1999.03 |
| 426页;16开 |
| ISBN 7-80135-666-7:32.00元 |
| ● |
| 相关链接 |
|
|
|
正题名:有粘结及无粘结高效预应力工程简明施工技术
索取号:TU875.71/CH450
 
预约/预借
| 序号 | 登录号 | 条形码 | 馆藏地/架位号 | 状态 | 备注 |
| 1 | 505058 | 205050585 | 建筑库201/201建筑库 85排2列4层/ [索取号:TU875.71/CH450] | 在馆 | |
| 2 | 505059 | 205050594 | 建筑库201/201建筑库 85排2列4层/ [索取号:TU875.71/CH450] | 在馆 | |
| 3 | 505060 | 205050601 | 建筑库201/201建筑库 85排2列4层/ [索取号:TU875.71/CH450] | 在馆 | |
| 4 | 505061 | 205050610 | 建筑库201/201建筑库 85排2列4层/ [索取号:TU875.71/CH450] | 在馆 | |
| 5 | 505062 | 205050629 | 建筑库201/201建筑库 85排2列4层/ [索取号:TU875.71/CH450] | 在馆 |